The Gambia : Poverty Reduction Strategy Paper; Second Annual Progress Report.

The economic performance has been positive as tight macroeconomic policies prevailed, helped by a remarkable revenue mobilization effort. None of the key indicator targets were met. Fiscal performance improved, but there was an increase in the overall fiscal deficit. Monetary policy was also less ex...

Description complète

Détails bibliographiques
Collectivité auteur: International Monetary Fund
Format: Revue
Langue:English
Publié: Washington, D.C. : International Monetary Fund, 2006.
Collection:IMF Staff Country Reports; Country Report ; No. 2006/396
Accès en ligne:Full text available on IMF
LEADER 01674cas a2200241 a 4500
001 AALejournalIMF009167
008 230101c9999 xx r poo 0 0eng d
020 |c 5.00 USD 
020 |z 9781451815528 
022 |a 1934-7685 
040 |a BD-DhAAL  |c BD-DhAAL 
110 2 |a International Monetary Fund. 
245 1 4 |a The Gambia :   |b Poverty Reduction Strategy Paper; Second Annual Progress Report. 
264 1 |a Washington, D.C. :  |b International Monetary Fund,  |c 2006. 
300 |a 1 online resource (53 pages) 
490 1 |a IMF Staff Country Reports 
500 |a <strong>Off-Campus Access:</strong> No User ID or Password Required 
500 |a <strong>On-Campus Access:</strong> No User ID or Password Required 
506 |a Electronic access restricted to authorized BRAC University faculty, staff and students 
520 3 |a The economic performance has been positive as tight macroeconomic policies prevailed, helped by a remarkable revenue mobilization effort. None of the key indicator targets were met. Fiscal performance improved, but there was an increase in the overall fiscal deficit. Monetary policy was also less expansionary. Efforts were sustained to strengthen the justice delivery system. The long-term goal is to eradicate poverty by significantly increasing the national income, through stable economic growth, and reducing income and non-income inequalities through specific poverty-reduction priority interventions. 
538 |a Mode of access: Internet 
830 0 |a IMF Staff Country Reports; Country Report ;  |v No. 2006/396 
856 4 0 |z Full text available on IMF  |u http://elibrary.imf.org/view/journals/002/2006/396/002.2006.issue-396-en.xml  |z IMF e-Library